| 000 | 00661nam a22002177a 4500 | ||
|---|---|---|---|
| 999 |
_c21211 _d21211 |
||
| 003 | AR-CdUCM | ||
| 008 | 190327b ||||| |||| 00| 0 spa d | ||
| 020 | _a9786120028148 | ||
| 040 |
_aMUNICIPALIDAD PROVINCIAL DEL CUSCO _cBIBLIOTECA MUNICIPAL DEL CUSCO |
||
| 082 |
_a869.56 / AN59L _bAN59L |
||
| 100 |
_aAndrade Ochoa, Crisóstomo _925287 |
||
| 245 | _aLa mujer de cera / | ||
| 260 |
_aCusco : _bDanny's Graff, _c2017. |
||
| 300 |
_a107 páginas ; _c21 cm. |
||
| 650 |
_aLiteratura Peruana _9132 |
||
| 650 |
_aLiteratura cusqueña _944302 |
||
| 650 |
_aLiteratos cusqueños _944145 |
||
| 650 |
_aSiglo XXI _92856 |
||
| 942 |
_2ddc _cLIBROS |
||
| 945 | _aRoel | ||